खादी सेंट परसेंट स्वदेशी (Record no. 105207)

MARC details
000 -LEADER
fixed length control field 00703nam a2200181Ia 4500
008 - FIXED-LENGTH DATA ELEMENTS--GENERAL INFORMATION
fixed length control field 090124s9999 xx 000 0 und d
082 ## - DEWEY DECIMAL CLASSIFICATION NUMBER
Item number 40186
100 ## - MAIN ENTRY--PERSONAL NAME
Personal name पंडितराव यशवंत अ.
245 ## - TITLE STATEMENT
Title खादी सेंट परसेंट स्वदेशी
250 ## - EDITION STATEMENT
Edition statement 1
260 ## - PUBLICATION, DISTRIBUTION, ETC. (IMPRINT)
Name of publisher, distributor, etc ग्रंथाली ज्ञानयज्ञ
Date of publication, distribution, etc 2003
300 ## - PHYSICAL DESCRIPTION
Extent 83
600 ## - SUBJECT ADDED ENTRY--PERSONAL NAME
Personal name पंडितराव यशवंत अ.
630 ## - SUBJECT ADDED ENTRY--UNIFORM TITLE
Uniform title खादी सेंट परसेंट स्वदेशी
700 ## - ADDED ENTRY--PERSONAL NAME
Personal name पंडितराव यशवंत अ.
730 ## - ADDED ENTRY--UNIFORM TITLE
Uniform title खादी सेंट परसेंट स्वदेशी
942 ## - ADDED ENTRY ELEMENTS (KOHA)
Koha item type Book
Holdings
Withdrawn status Lost status Damaged status Not for loan Home library Current library Date acquired Cost, normal purchase price Total Checkouts Full call number Barcode Date last seen Cost, replacement price Price effective from Koha item type
        Nagar Wachan Mandir, Thane Nagar Wachan Mandir, Thane   45.00   40186 THNNWM-40186 01/24/2009 45.00 01/24/2009 Book